[Event "AUTO-OPEN-4144"]
[Site "http://www.queenalice.com/game.php?id=1625209"]
[Date "2020.8.27"]
[Round "2"]
[White "jacconsultoria"]
[Black "Foliko"]
[Result "1-0"]
[WhiteElo "2700"]
[BlackElo "2033"]

1. e4 c6 2. d4 d5 3. exd5 Qxd5 4. Nc3 Qa5 5. Nf3 Bf5 6. Bc4 e6 7. O-O Nf6 8. Bf4
Be7 9. Re1 O-O 10. Nh4 Bg4 11. Qd2 Nh5 12. Nd5 Qd8 13. Nxe7+ Qxe7 14. Bg5 Nf6
15. h3 Bh5 16. g4 Bg6 17. Rad1 Nbd7 18. c3 Rad8 19. Bb3 Qd6 20. Bf4 e5 21. dxe5
Qxd2 22. Bxd2 Ne4 23. Nxg6 Nxd2 24. Rxd2 hxg6 25. Red1 Rfe8 26. Rxd7 1-0

[Event "AUTO-OPEN-4144"]
[Site "http://www.queenalice.com/game.php?id=1625210"]
[Date "2020.8.27"]
[Round "2"]
[White "Foliko"]
[Black "jacconsultoria"]
[Result "0-1"]
[WhiteElo "2031"]
[BlackElo "2701"]

1. e4 c6 2. d4 d5 3. e5 Bf5 4. Nf3 e6 5. a3 Nd7 6. c4 Ne7 7. Nc3 dxc4 8. Bxc4
Nb6 9. Ba2 Bg4 10. Bg5 Bxf3 11. gxf3 h6 12. Bh4 g5 13. Bg3 Nf5 14. Ne4 Be7 15.
Nf6+ Bxf6 16. exf6 Qxd4 17. Qxd4 Nxd4 18. O-O Nxf3+ 19. Kg2 Nd4 20. Rad1 O-O-O
21. Rfe1 Rd7 22. Rd2 Nf3 23. Kxf3 Rxd2 24. Be5 Rhd8 25. Bc3 R8d3+ 26. Re3 Rxe3+
27. fxe3 Rxh2 28. Bd4 h5 29. Bxb6 axb6 30. Bxe6+ fxe6 31. f7 g4+ 32. Kg3 Rh3+
0-1

[Event "AUTO-OPEN-4144"]
[Site "http://www.queenalice.com/game.php?id=1625211"]
[Date "2020.8.27"]
[Round "2"]
[White "jacconsultoria"]
[Black "grepovsky"]
[Result "1-0"]
[WhiteElo "2675"]
[BlackElo "2173"]

1. c4 e5 2. Nc3 Nf6 3. g3 d5 4. cxd5 Nxd5 5. Bg2 Nb6 6. Nf3 Nc6 7. O-O Be7 8. a3
a5 9. Na4 Nxa4 10. Qxa4 O-O 11. d3 f6 12. Be3 Be6 13. Rac1 Qd7 14. Nd2 Kh8 15.
Rxc6 bxc6 16. Bxc6 Qd8 17. Bxa8 Qxa8 18. Rc1 Bd6 19. Nc4 Rb8 20. Rc2 Bxc4 21.
Qxc4 a4 22. Bc5 h6 23. f3 Qa5 24. Kf2 Bxc5+ 25. Qxc5 Qxc5+ 26. Rxc5 Rxb2 27. Ra5
Ra2 28. Rxa4 Kg8 29. Ra7 Kh7 30. a4 c6 31. a5 Kg6 32. a6 Ra3 33. Ra8 Kh7 34. h4
Kg6 35. g4 c5 36. h5+ Kf7 37. a7 Ra2 38. Ke1 Ra4 39. Kd2 Ra2+ 40. Kc3 Ra4 41.
Kb3 1-0

[Event "AUTO-OPEN-4144"]
[Site "http://www.queenalice.com/game.php?id=1625212"]
[Date "2020.8.27"]
[Round "2"]
[White "grepovsky"]
[Black "jacconsultoria"]
[Result "0-1"]
[WhiteElo "2159"]
[BlackElo "2703"]

1. Nf3 g6 2. d4 Bg7 3. e4 d6 4. c4 Nf6 5. Nc3 O-O 6. Be2 e5 7. d5 a5 8. O-O Na6
9. Ne1 Nc5 10. f3 Nh5 11. b3 Nf4 12. Be3 b6 13. Rb1 Bh6 14. Bf2 f5 15. a3 Qg5
16. Kh1 Nxe2 17. Qxe2 Qd2 18. Qxd2 Bxd2 19. Nb5 fxe4 20. Nxc7 e3 21. Bg3 Ra7 22.
Nb5 Bf5 0-1

[Event "AUTO-OPEN-4144"]
[Site "http://www.queenalice.com/game.php?id=1625213"]
[Date "2020.8.27"]
[Round "2"]
[White "jacconsultoria"]
[Black "rich"]
[Result "1-0"]
[WhiteElo "2702"]
[BlackElo "2081"]

1. d4 Nf6 2. Nf3 d5 3. Bf4 Bf5 4. e3 e6 5. c4 Bb4+ 6. Nbd2 O-O 7. a3 Bxd2+ 8.
Nxd2 c6 9. Be2 Nbd7 10. g4 Bg6 11. h4 h6 12. h5 Be4 13. f3 Bh7 14. g5 hxg5 15.
Bxg5 Qc7 16. Kf2 e5 17. Nf1 exd4 18. Qxd4 Qe5 19. Qxe5 Nxe5 20. h6 Rae8 21. hxg7
Kxg7 22. Bxf6+ Kxf6 23. Rxh7 dxc4 24. f4 Nd3+ 25. Bxd3 cxd3 26. Rd1 Kg6 27. Rh4
Rd8 28. e4 f6 29. Ke3 Rfe8 30. Rxd3 1-0

[Event "AUTO-OPEN-4144"]
[Site "http://www.queenalice.com/game.php?id=1625214"]
[Date "2020.8.27"]
[Round "2"]
[White "rich"]
[Black "jacconsultoria"]
[Result "0-1"]
[WhiteElo "2058"]
[BlackElo "2695"]

1. d4 e6 2. c4 b6 3. Nf3 Bb7 4. Nc3 f5 5. e3 Nf6 6. Bd3 Bb4 7. O-O O-O 8. Bd2
Bxc3 9. Bxc3 Ne4 10. Rc1 Nxc3 11. Rxc3 c5 12. Bb1 Qf6 13. d5 Na6 14. a3 exd5 15.
cxd5 d6 16. Qd3 Nc7 17. e4 Ba6 18. Qe3 Bxf1 19. Kxf1 Rae8 20. Qg5 fxe4 21. Qxf6
gxf6 0-1

[Event "AUTO-OPEN-4127"]
[Site "http://www.queenalice.com/game.php?id=1629131"]
[Date "2020.10.6"]
[Round "3"]
[White "Canuma"]
[Black "jacconsultoria"]
[Result "0-1"]
[WhiteElo "2495"]
[BlackElo "2676"]

1. e4 c5 2. Nf3 g6 3. c3 Bg7 4. d4 cxd4 5. cxd4 d5 6. e5 Nc6 7. h3 Nh6 8. Nc3
O-O 9. Bb5 f6 10. exf6 Rxf6 11. O-O Rxf3 12. Qxf3 Nxd4 13. Qxd5+ Qxd5 14. Nxd5
Nxb5 15. Nxe7+ Kf8 16. Nxc8 Rxc8 17. Bxh6 Bxh6 18. Rad1 Re8 19. Rd7 Re7 20. Rfd1
Bg7 21. g3 Ke8 22. Rd8+ Kf7 23. R8d7 a6 24. R1d2 Ke6 25. Rd8 Rc7 26. Kg2 Bf6 27.
R8d3 Be7 28. Re3+ Kf7 29. Rf3+ Ke8 30. Rfd3 Rc6 31. f4 Nd6 32. Kf3 Kf7 33. Re2
Rc7 34. Red2 Nc4 35. Re2 b5 36. g4 Nb6 37. Rdd2 a5 38. Rc2 Rb7 39. Rc1 a4 40.
Rec2 Nc4 41. b3 axb3 42. axb3 Na5 43. Rc3 Rd7 44. h4 b4 45. Re3 Bf6 0-1

[Event "AUTO-OPEN-4127"]
[Site "http://www.queenalice.com/game.php?id=1629132"]
[Date "2020.10.6"]
[Round "3"]
[White "jacconsultoria"]
[Black "Canuma"]
[Result "1-0"]
[WhiteElo "2669"]
[BlackElo "2499"]

1. c4 e5 2. Nc3 Nf6 3. g3 Bb4 4. Bg2 O-O 5. Nf3 Re8 6. O-O h6 7. d3 d6 8. Bd2 c6
9. a3 Ba5 10. b4 Bc7 11. Qc1 Be6 12. e4 a5 13. Re1 axb4 14. axb4 Rxa1 15. Qxa1
Nbd7 16. h3 Bb6 17. Qb2 Qc7 18. Ra1 Rb8 19. Nd1 Qd8 20. Ne1 Bd4 21. Bc3 Bxc3 22.
Nxc3 Ra8 23. Nc2 Nf8 24. Ne3 Rxa1+ 25. Qxa1 Qb8 26. Ne2 b5 27. Qa5 bxc4 28. dxc4
Bd7 29. Nc3 Ne6 30. b5 Nc5 31. b6 Be6 32. f4 Nb7 33. Qa7 Qc8 34. Kh2 g6 35. f5
Bd7 36. Na4 gxf5 37. exf5 d5 38. Ng4 Nxg4+ 39. hxg4 d4 40. f6 Bxg4 41. Nb2 Bf5
42. Qa3 c5 43. Bd5 1-0

[Event "AUTO-ELITE-2173"]
[Site "http://www.queenalice.com/game.php?id=1632940"]
[Date "2020.11.14"]
[Round "2"]
[White "jacconsultoria"]
[Black "trompmaster"]
[Result "1-0"]
[WhiteElo "2674"]
[BlackElo "2317"]

1. c4 e5 2. Nc3 d6 3. g3 Be7 4. Bg2 f5 5. e3 c6 6. d3 Nf6 7. Nge2 Be6 8. O-O O-O
9. b3 Nbd7 10. Bb2 Qa5 11. d4 Bf7 12. Qd2 Rad8 13. Rad1 Qa6 14. f3 g6 15. e4
fxe4 16. fxe4 Ng4 17. Bf3 Ngf6 18. d5 Qb6+ 19. Kg2 Nc5 20. g4 a5 21. g5 Ne8 22.
h4 Nc7 23. Bg4 Ra8 24. Ba3 Qa7 25. Qe3 N7a6 26. Ng3 Nb4 27. Qe2 Qb6 28. Bc1 a4
29. a3 axb3 30. axb4 Qxb4 31. Bd2 Qb6 32. Be3 Qb4 33. Bxc5 Qxc5 34. Rb1 Ra3 35.
Rf3 Kg7 36. Be6 Be8 37. Rxf8 Kxf8 38. Rf1+ Kg7 39. dxc6 bxc6 40. Qf3 Qd4 41.
Nce2 Qc5 42. Nf5+ gxf5 43. exf5 Kh8 44. f6 e4 45. Qc3 1-0

[Event "AUTO-ELITE-2173"]
[Site "http://www.queenalice.com/game.php?id=1632941"]
[Date "2020.11.14"]
[Round "2"]
[White "trompmaster"]
[Black "jacconsultoria"]
[Result "0-1"]
[WhiteElo "2311"]
[BlackElo "2679"]

1. e4 c5 2. Nf3 Nc6 3. d4 cxd4 4. Nxd4 g6 5. Nc3 Bg7 6. Be3 Nf6 7. f3 O-O 8. Kf2
d5 9. Nxd5 Nxd5 10. Nxc6 Nxe3 11. Qxd8 Rxd8 12. Nxd8 Bd4 13. Ke2 Bb6 14. c4 Nxc4
15. Rc1 Nxb2 16. Rc2 Na4 17. Rd2 Rb8 18. Kd1 Be3 19. Rc2 Bd7 20. Nxf7 Kxf7 21.
Bc4+ Ke8 22. Ke2 Bd4 23. Rhc1 b5 24. Bb3 b4 25. Bxa4 Bxa4 26. Rc8+ Rxc8 27.
Rxc8+ Kd7 28. Rb8 Bb6 29. Kd2 Bc7 30. Ra8 a5 31. g3 Bc6 32. Rh8 Bb5 33. Rxh7 Bc4
34. Rg7 Bxa2 35. Rxg6 b3 36. Kc1 Be5 37. Rb6 Bd4 38. Rb8 Kc7 39. Rb5 Kc6 40. Rb8
a4 41. Rb4 a3 0-1

[Event "AUTO-ELITE-1837"]
[Site "http://www.queenalice.com/game.php?id=1632971"]
[Date "2020.11.14"]
[Round "2"]
[White "josekasparov"]
[Black "jacconsultoria"]
[Result "1/2-1/2"]
[WhiteElo "2489"]
[BlackElo "2691"]

1. e4 c5 2. Nf3 g6 3. d4 cxd4 4. Nxd4 Bg7 5. Be3 Nc6 6. Bc4 Nf6 7. Nc3 O-O 8.
Bb3 d6 9. f3 Bd7 10. Qd2 Rc8 11. O-O-O Na5 12. h4 Nxb3+ 13. axb3 h5 14. Kb1 Re8
15. g4 Qa5 16. Bh6 Bh8 17. gxh5 Nxh5 18. Rhg1 Nf6 19. Be3 Bg7 20. Rg5 Rc5 21.
Rdg1 Rxg5 22. Rxg5 Qa6 23. Qg2 Bh6 24. Rxg6+ fxg6 25. Qxg6+ Bg7 26. Bh6 Qf1+ 27.
Ka2 Qa6+ 28. Na4 Nh5 29. Nf5 Bxa4 30. Nxg7 Bxb3+ 31. Kxb3 Qb5+ 32. Ka2 1/2-1/2

[Event "AUTO-ELITE-1837"]
[Site "http://www.queenalice.com/game.php?id=1632972"]
[Date "2020.11.14"]
[Round "2"]
[White "jacconsultoria"]
[Black "josekasparov"]
[Result "1-0"]
[WhiteElo "2680"]
[BlackElo "2521"]

1. c4 Nf6 2. Nc3 e5 3. g3 d5 4. cxd5 Nxd5 5. Bg2 Nb6 6. Nf3 Nc6 7. O-O Be7 8. a3
a5 9. d3 O-O 10. Be3 Be6 11. Rc1 a4 12. Bxb6 cxb6 13. Nxa4 e4 14. Ne1 e3 15.
fxe3 Bg5 16. Rf4 Ne5 17. Bxb7 Ra5 18. Bf3 Bxf4 19. gxf4 Ng4 20. Bxg4 Bxg4 21.
Nc3 Rh5 22. Nf3 Re8 23. Qd2 Rh6 24. Kh1 Ree6 25. d4 Rh3 26. Rf1 Bxf3+ 27. exf3
Rxh2+ 28. Qxh2 Rh6 29. Qxh6 gxh6 30. Kg2 Qe7 31. e4 Qf6 32. Ne2 Qc6 33. Kf2 Qc2
34. e5 Qxb2 35. d5 Kf8 36. Rc1 Ke8 37. d6 Qa2 38. Rc8+ Kd7 39. Rc3 h5 40. Ke3
Qb1 41. Rc7+ Ke8 42. Nd4 Qe1+ 43. Kd3 Qd1+ 44. Ke4 Qa4 45. e6 fxe6 46. Ke5 Qxa3
47. Re7+ 1-0

[Event "AUTO-ELITE-1844"]
[Site "http://www.queenalice.com/game.php?id=1633330"]
[Date "2020.11.17"]
[Round "2"]
[White "shogun"]
[Black "jacconsultoria"]
[Result "1/2-1/2"]
[WhiteElo "2593"]
[BlackElo "2682"]

1. e4 c6 2. c4 d5 3. cxd5 cxd5 4. exd5 Nf6 5. Qa4+ Nbd7 6. Nc3 g6 7. g4 Bg7 8.
g5 Nh5 9. Bg2 h6 10. gxh6 Bxh6 11. d3 Kf8 12. Nf3 Ndf6 13. Ng5 Ng7 14. O-O Bxg5
15. Bxg5 Bh3 16. Bxh3 Rxh3 17. Bxf6 exf6 18. Qb4+ Qe7 19. Qxe7+ Kxe7 20. Rae1+
Kd7 21. Ne4 Rah8 22. Nxf6+ Kd6 23. Ng4 R8h4 24. Ne5 f6 25. Nc4+ Kxd5 26. Re7 Nf5
27. Ne3+ Nxe3 28. fxe3 Rxh2 29. Rxf6 Rxb2 30. Rxg6 Ra4 31. e4+ Kd4 32. Rd7+ Ke3
33. Rg2 Raxa2 34. Rxb2 Rxb2 35. e5 Rb6 36. Rd6 Rb2 37. d4 a5 38. e6 Kf3 39. Rd8
Rg2+ 40. Kh1 Re2 41. d5 Re5 42. Rf8+ Ke2 43. Kh2 Rxd5 44. e7 Re5 45. e8=Q
1/2-1/2

[Event "AUTO-ELITE-1844"]
[Site "http://www.queenalice.com/game.php?id=1633331"]
[Date "2020.11.17"]
[Round "2"]
[White "jacconsultoria"]
[Black "shogun"]
[Result "1/2-1/2"]
[WhiteElo "2681"]
[BlackElo "2589"]

1. d4 Nc6 2. Nf3 d6 3. e4 Nf6 4. c3 e5 5. Bb5 Bd7 6. O-O Be7 7. Re1 O-O 8. Nbd2
Nxd4 9. Nxd4 exd4 10. Bxd7 dxc3 11. Ba4 cxd2 12. Bxd2 d5 13. exd5 Nxd5 14. Bb3
c6 15. Bxd5 cxd5 16. Bc3 Rc8 17. Re2 Bf6 18. Bxf6 Qxf6 19. Qxd5 b6 20. Rae1 g6
21. g3 Rfd8 22. Qb3 h5 23. h4 Kg7 24. Re4 Rd7 25. Rf4 Qd6 26. Rc4 Qd2 27. Rxc8
Qxe1+ 28. Kg2 Qe4+ 29. Kh2 Rd3 30. Rc3 Rd2 31. Rf3 Qd5 32. Qc3+ Kg8 33. a3 Qd4
34. Qxd4 1/2-1/2

[Event "AUTO-ELITE-1844"]
[Site "http://www.queenalice.com/game.php?id=1633334"]
[Date "2020.11.17"]
[Round "2"]
[White "jacconsultoria"]
[Black "FabioDavid"]
[Result "1-0"]
[WhiteElo "2687"]
[BlackElo "2327"]

1. c4 e5 2. Nc3 Bb4 3. Nd5 Be7 4. Nf3 d6 5. d4 Nf6 6. dxe5 dxe5 7. Nxe5 O-O 8.
e3 c6 9. Nxe7+ Qxe7 10. Nf3 Rd8 11. Qc2 Ne4 12. Bd3 Bf5 13. O-O Na6 14. Nd4 Bg6
15. b3 Nb4 16. Ba3 Nxc2 17. Bxe7 Nxa1 18. Bxe4 Nxb3 19. Nxb3 Bxe4 20. Bxd8 Rxd8
21. Nc5 Bg6 22. Nxb7 Rb8 23. Rd1 Kf8 24. Rd8+ Rxd8 25. Nxd8 Bd3 26. Nxc6 Bxc4
27. a3 a6 28. e4 Ke8 29. f3 f6 30. Kf2 Kd7 31. Nd4 g5 32. Ke3 h5 33. g3 Kd6 34.
Nf5+ Kd7 35. f4 1-0

[Event "AUTO-ELITE-1844"]
[Site "http://www.queenalice.com/game.php?id=1633335"]
[Date "2020.11.17"]
[Round "2"]
[White "FabioDavid"]
[Black "jacconsultoria"]
[Result "1/2-1/2"]
[WhiteElo "2326"]
[BlackElo "2688"]

1. e4 c5 2. Nf3 g6 3. Nc3 Bg7 4. d4 cxd4 5. Nxd4 Nc6 6. Be3 Nf6 7. f4 d6 8. Be2
O-O 9. a3 Bg4 10. h3 Bxe2 11. Ndxe2 e5 12. fxe5 Nxe5 13. O-O Nc4 14. Bd4 Nxb2
15. Qb1 Na4 16. Qd1 Nb2 17. Qb1 Nc4 18. Qxb7 Nd7 19. Nd5 Nc5 20. Qb5 Nd2 21.
Bxg7 Kxg7 22. Qb2+ f6 23. Rf4 Ncxe4 24. Rd1 g5 25. Rf5 Qc8 26. Ng3 Rb8 27. Qd4
Qc5 28. Nh5+ Kh6 29. Qxc5 dxc5 30. Nhxf6 Rbd8 31. g4 Nxf6 32. Rxd2 Nxd5 33.
Rfxd5 Rxd5 34. Rxd5 Rf3 35. Rxc5 Rxa3 36. Rc6+ Kg7 37. Rc7+ Kg6 38. Rc6+ Kg7 39.
Rc7+ 1/2-1/2

[Event "AUTO-OPEN-4115"]
[Site "http://www.queenalice.com/game.php?id=1644590"]
[Date "2021.2.22"]
[Round "3"]
[White "jacconsultoria"]
[Black "josebaron"]
[Result "1/2-1/2"]
[WhiteElo "2685"]
[BlackElo "2594"]

1. c4 e5 2. Nc3 Nf6 3. g3 Bb4 4. Bg2 O-O 5. Nf3 Re8 6. O-O c6 7. d3 h6 8. Bd2 a5
9. a3 Bc5 10. Ne4 Nxe4 11. dxe4 a4 12. Bb4 Qb6 13. Qd2 d6 14. Bxc5 Qxc5 15. Rfd1
Be6 16. Qxd6 Qxd6 17. Rxd6 Bxc4 18. e3 Ra5 19. Bh3 Rc5 20. Rd2 Bb3 21. Ne1 Kf8
22. Bg4 Ke7 23. Bd1 Rd8 24. Rxd8 Kxd8 25. Nd3 Rb5 26. Bxb3 Rxb3 27. Rd1 Ke7 28.
Rd2 Nd7 29. Kf1 Rb5 30. Ke2 h5 31. f3 f6 32. Kd1 Nb6 33. Rc2 Kd6 34. h4 Nd7 35.
Rc4 Ra5 36. f4 Ra8 37. Kc2 b5 38. Rc3 Re8 39. Kd1 exf4 40. Nxf4 Re5 41. Ke2 Nc5
42. Kf3 Nxe4 43. Rd3+ Kc7 44. Ng6 Re8 45. Nf4 Nc5 1/2-1/2

[Event "AUTO-OPEN-4115"]
[Site "http://www.queenalice.com/game.php?id=1644591"]
[Date "2021.2.22"]
[Round "3"]
[White "josebaron"]
[Black "jacconsultoria"]
[Result "1/2-1/2"]
[WhiteElo "2570"]
[BlackElo "2680"]

1. e4 c6 2. Nf3 d5 3. exd5 cxd5 4. d4 Nf6 5. c4 g6 6. Nc3 Bg7 7. Qb3 O-O 8. cxd5
Nbd7 9. Bc4 Nb6 10. O-O Bf5 11. Re1 Rc8 12. Bf1 Nfxd5 13. Bd2 Be6 14. Rxe6 fxe6
15. Re1 Qd7 16. Bb5 Qd6 17. Ne4 Qd8 18. Bf1 Nc7 19. a4 Qd5 20. Qb4 Qc6 21. Qxe7
Qxa4 22. Qh4 Rxf3 23. gxf3 Qxd4 24. Bc3 Qd8 25. Qg3 1/2-1/2

[Event "AUTO-ELITE-2190"]
[Site "http://www.queenalice.com/game.php?id=1762769"]
[Date "2021.6.22"]
[Round "3"]
[White "Matt24"]
[Black "jacconsultoria"]
[Result "1/2-1/2"]
[WhiteElo "2675"]
[BlackElo "2683"]

1. d4 Nf6 2. Nf3 b6 3. Bf4 Bb7 4. e3 e6 5. c4 Be7 6. Nc3 Nh5 7. Bg3 O-O 8. Be2
d6 9. Qc2 g6 10. d5 Bf6 11. Rd1 Nxg3 12. hxg3 Qe7 13. a3 Nd7 14. Nd4 Bg7 15. O-O
Ne5 16. Rd2 Rae8 17. Rfd1 h5 18. b4 h4 19. g4 h3 20. gxh3 f5 21. Nxe6 Qh4 22.
Nxf8 Rxf8 23. Rd4 Qxh3 24. g5 Rf7 25. Rf4 Bf8 26. Bf1 Qh5 27. Bg2 Qxg5 28. Ne2
Bc8 29. Nd4 Qf6 1/2-1/2

[Event "AUTO-ELITE-2190"]
[Site "http://www.queenalice.com/game.php?id=1762770"]
[Date "2021.6.22"]
[Round "3"]
[White "jacconsultoria"]
[Black "Canuma"]
[Result "1-0"]
[WhiteElo "2683"]
[BlackElo "2491"]

1. d4 d5 2. c4 e6 3. Nc3 c6 4. Nf3 Nf6 5. Bg5 h6 6. Bh4 g5 7. Bg3 dxc4 8. a4 Bb4
9. e3 Nd5 10. Nd2 Nxc3 11. bxc3 Bxc3 12. Bxc4 Bxa1 13. Qxa1 O-O 14. h4 g4 15.
O-O Nd7 16. Qd1 h5 17. Qc2 Nb6 18. Bb3 Qe7 19. Ne4 f5 20. Ng5 Bd7 21. Qd2 Rf7
22. Nxf7 Qxf7 23. e4 fxe4 24. Re1 Qg6 25. Rxe4 Qxe4 26. Bc2 Qxc2 27. Qxc2 Be8
28. Qc1 Bg6 29. Qh6 Kf7 30. Qf4+ 1-0

[Event "AUTO-ELITE-2190"]
[Site "http://www.queenalice.com/game.php?id=1762771"]
[Date "2021.6.22"]
[Round "3"]
[White "Canuma"]
[Black "jacconsultoria"]
[Result "1/2-1/2"]
[WhiteElo "2487"]
[BlackElo "2687"]

1. e4 c5 2. Nf3 g6 3. d4 cxd4 4. Nxd4 Bg7 5. Be2 Nc6 6. Be3 Nf6 7. Nc3 O-O 8.
O-O d5 9. Nxc6 bxc6 10. e5 Nd7 11. f4 e6 12. Na4 f6 13. exf6 Qxf6 14. c3 a5 15.
Qd2 Qe7 16. Rad1 Ba6 17. Bxa6 Rxa6 18. Bd4 Raa8 19. Bxg7 Kxg7 20. Qd4+ Kg8 21.
Nb6 Nxb6 22. Qxb6 Qa7 23. Qxa7 Rxa7 24. Rfe1 Kf7 25. Re5 Rb8 26. Rd2 a4 27. Kf2
Rab7 28. Ree2 Ke7 29. Kf3 Kd6 30. g3 Re7 31. Re5 Reb7 32. Ree2 1/2-1/2